| 000 | 00715nam a2200253Ia 4500 | ||
|---|---|---|---|
| 003 | OSt | ||
| 005 | 20220918214243.0 | ||
| 006 | a|||||r|||| 00| 0 | ||
| 007 | ta | ||
| 008 | 220917b |||||||| |||| 00| 0 eng d | ||
| 024 | _a136,496 | ||
| 037 | _cTextual | ||
| 040 |
_aARTS _cARTS _beng |
||
| 041 |
_2eng _aeng |
||
| 082 | _aX9B,8(J91)g, M2 | ||
| 100 |
_aMalik R K _9130436 |
||
| 245 | 0 | _aModern manufacuture of adhesives handbook of adhesives | |
| 260 |
_aDelhi _bSmall industry research Institute _c1982 |
||
| 300 |
_a144p. _ccm. |
||
| 650 | _aECONOMICS | ||
| 700 |
_a Aggarwal V K _9130437 |
||
| 942 |
_hX9B,8(J91)g, M2 _cTEXL _2CC |
||
| 999 |
_c259586 _d259586 |
||